Trasa Tramwaju 3 Warszawa - Statystyki

Ogólne statystyki
  • Ten quiz został rozwiązany 11 razy
  • Średni wynik to 19 z 29
Statystyki odpowiedzi
Ulice Przystanki % Poprawnych
Annopol Annopol
100%
Grochowska Aleja Zieleniecka
80%
Targowa Dworzec Wileński
80%
Grochowska Gocławek
80%
Grochowska Kickiego
80%
Targowa Kijowska
80%
Grochowska Kwatery Głównej
80%
Grochowska Plac Szembeka
80%
Odrowąża Rondo Żaba
80%
Grochowska Wiatraczna
80%
Grochowska Lubelska
70%
Rembielińska Metro Bródno
70%
Grochowska Praga-Południe - Ratusz
70%
Rembielińska Rembielińska
70%
Grochowska Wspólna Droga
70%
Targowa Ząbkowska
70%
Grochowska Bliska
60%
11 Listopada Bródnowska
60%
Grochowska Czapelska
60%
Grochowska Gocławska
60%
Grochowska Międzyborska
60%
Grochowska Żółkiewskiego
60%
11 Listopada Inżynierska
50%
Rembielińska Julianowska
50%
Matki Teresy z Kalkuty Budowlana
40%
Rembielińska Poborzańska
40%
Odrowąża Pożarowa
40%
Odrowąża Staniewicka
40%
Rembielińska Toruńska
40%
Nie znaleziono quizów pasujących do podanych kryteriów
Rozkład punktacji
Procent ludzi z każdym wynikiem
Percentyl według liczby udzielonych odpowiedzi
Twoja historia wyników
Nie rozwiązałeś tego quizu